000 00771nam a2200229Ii 4500
003 JO-AjNU
008 230605s9999||||xx |||||||||||||| ||und||
017 _a2009/2/571
020 _a978-9957-33-177-1
040 _aJO-AjNU
_bara
_erda
_cJO-AjNU
041 _aara
050 1 4 _aBF637.C6.Z39 2009
100 3 _aزيادة، أحمد رشيد عبد الرحيم,
_eauthor
_927809
245 0 0 _aدليل الإرشاد النفسي التربوي
250 _aط1
264 3 1 _aعمان: مؤسسة الوراق للنشر والتوزيع، 2009
300 _a378ص
336 _atext
_btxt
_2rdacontent
337 _aunmediated
_bn
_2rdamedia
338 _avolume
_bnc
_2rdacarrier
650 4 _aالارشاد النفسي- التوجية التربوي
_927810
999 _aA10711
_c14279
_d14279